000 00483nam a2200169Ia 4500
003 GCL
008 140319s9999 xx 000 0 ara d
040 _aGCL /
_cGCL
082 0 4 _a920.5
_bم م
100 1 _aموسى صبرى
245 1 0 _aمذكراتى موسى صبرى: 50 عاما فى قطار الصحافة /
_cموسى صبرى
300 _a1018 ص
490 _a
650 0 4 _aالصحافة - تراجم
650 0 4 _aالصحفيون - تراجم
942 _2ddc
_cBK
999 _c40518
_d40518